00965nam a2200253Ia 450000500170000000800410001702000180005808200180007610000330009424501100012725000360023730000420027349000230031550000320033853400340037065000560040465000520046070000430051226400330055533600270058833700330061533800280064804000350067620220317001418.0161108s1998 sp g 000 0 spa  a978849892219604a940.284bH61e1 aHobsbawm, Eric J.d1917-201213aLa era del capital, 1848-1875cEric Hobsbawm ; traducido por Ángel García Fluixá y Carlo A. Caranci a1a. ediciónb4a reimpresión a358 páginasbcuadros y mapasc23 cm aLibros de historia aIncluye datos biográficos tThe age of capital, 1848-1875142LEMBaCapitalismoxHistoria xRevolucion Industrial142LEMBaIndustria xAspectos sociales y1848-18751 aCaranci, Carlo A. García Fluixá, A aBarcelonabCríticac[1998] atextobtxt2rdacontent asin mediaciónbn2rdamedia avolumenbnc2rdacarrier aCO-BoRNBPbspaerdacCO-BoRNBP